Statistiques concernant Anagrammes - Prénoms féminins - Série 02

Cliquez ici pour prendre le quiz!

Statistiques générales

  • Ce quiz a été pris 183 fois
  • Le résultat moyen est 7 sur 10

Statistiques - réponses

AnagrammePrénom% Correct
ALIMEEAmélie
87%
DENAINNadine
84%
FONCERAISFrançoise
83%
CELIJANQUEJacqueline
81%
CELETOTColette
75%
CLONIENicole
75%
LECARMELMarcelle
71%
EPLATUTEPaulette
67%
MINARETMartine
65%
ENLACURELaurence
50%

Distribution des résultats

Percentile par nombre de réponses

% des personnes avec chaque résultat

Votre développement - résultats

Vous n’avez pas pris ce quiz